| 000 | 00663nam a2200217Ia 4500 | ||
|---|---|---|---|
| 001 | 2514 | ||
| 003 | GE_BSU | ||
| 008 | 181216s||||||||xx |||||||||||||| ||und|| | ||
| 040 | _cGE_BSU | ||
| 080 | _a1(479.22) | ||
| 245 | _aფილოსოფიური ძიებანი. კრებული 13 | ||
| 245 | _bკრებული მე–13 | ||
| 245 | _c[რედ. სერგი ავალიანი]. | ||
| 260 | _aთბილისი | ||
| 260 | _bუნივერსალი | ||
| 260 | _c2009 | ||
| 300 | _a458 გვ. | ||
| 541 | _h15 ლ. | ||
| 653 | _aფილოსოფიური ძიებანი. | ||
| 942 | _cBK | ||
| 999 |
_c36595 _d36595 |
||